Statistics for Towns and cities: guess the region (2)

Click here to take the quiz!

General Stats

  • This quiz has been taken 10 times
  • The average score is 11 of 20

Answer Stats

HintAnswer% Correct
MostarHerzegovina-Neretva
100%
AdelaideSouth Australia
100%
MarseilleBouches-du-Rhône
88%
KristianstadSkåne
88%
Punta ArenasMagallanes
75%
HelsinkiUusimaa
75%
SurabayaJawa Timur
63%
SozopolOblast with administrative centre Burgas
63%
QuitoPichincha
63%
ChengduSichuan
63%
OmaghTyrone
63%
Bandar AbbasHormozgan
50%
IbadanOyo
50%
TikritSalah Al-Din
50%
GbarngaBong
38%
TermezSurxondaryo
38%
VyborgLeningrad
25%
ColoniaYap
25%
LibrevilleEstuaire
13%
DalanzadgadÖmnögovi
13%

Score Distribution

Percentile by Number Answered

Percent of People with Each Score

Your Score History

You have not taken this quiz